000 00912nas a2200313 4500
001 BR0400597
003 BR-BrBNA
005 20231205104312.0
007 ta
008 230509b bl.|||p| |||| 00| 00por d
040 _aBR-BrBNA
_bpor
_cBiblioteca Nacional de Agricultura
041 _a(Pt)
072 _aU10
100 1 _aTavares-Júnior, J.E.
100 1 _aFavarin, J.L.
100 1 _aDourado-Neto, D.
100 1 _aMaia, A. de H.N.
100 1 _aFazuoli, L.C.
100 1 _aBernardes, M.S.
245 1 _aAnálise comparativa de métodos de estimativa de área foliar em cafeeiro
650 _aCAFÉ
650 _aÁREA FOLIAR
650 _aESTIMATIVA
650 _aANÁLISE COMPARATIVA
650 _aREGRESSÃO LINEAR
773 0 _tBragantia (Brazil)
_xISSN 0006-8705
_g(May-Aug 2002), v. 61(2) p. 199-203
_wBR0400597
909 _a202311
_bLúcia
_c55
_dLúcia Elande
942 _2AGRIS
_n0
_cANA
999 _c177445
_d177445